Central Library OPAC University of Rajshahi

The Tibetan book of the great liberation : (Record no. 31124)

MARC details
000 -LEADER
fixed length control field 01493nam a22003251 4500
001 - CONTROL NUMBER
control field 31124
003 - CONTROL NUMBER IDENTIFIER
rucl marc code BD-RjUL
005 - DATE AND TIME OF LATEST TRANSACTION
control field 20211209051649.0
008 - FIXED-LENGTH DATA ELEMENTS--GENERAL INFORMATION
fixed length control field 140413s1954 enkf b 001 0 eng d
035 ## - SYSTEM CONTROL NUMBER
System control number (BD-RjUL)31211
System control number (OCoLC)424183
040 ## - CATALOGING SOURCE
Original cataloging agency DLC
Transcribing agency OAU
Modifying agency OCoLC
-- DLC
-- BD-RjUL
Language of cataloging eng
041 ## - LANGUAGE CODE
Language code of text/sound track or separate title eng
082 00 - DEWEY DECIMAL CLASSIFICATION NUMBER
Classification number 294.32
Author mark and year EVT 1954
100 2# - MAIN ENTRY--PERSONAL NAME
Personal name Evans-Wentz, W. Y.
Fuller form of name (Walter Yeeling),
Dates associated with a name 1878-1965,
9 (RLIN) 94662
245 14 - TITLE STATEMENT
Title The Tibetan book of the great liberation :
Remainder of title or, The method of realizing nirvana through knowing the mind, preceded by an epitome of Padma-Sambhava's biography and followed by Guru Phadampa Sangay's teachings. According to English renderings by Sardar Bahädur S. W. Laden La and by the Lāmas Karma Sumdhon Paul, Lobzang Mingyur Dorje, and Kazi Dawa-Samdup /
Statement of responsibility, etc. Introductions, annotations, and editing by W. Y. Evans-Wentz. With psychological commentary by C. G. Jung.
260 ## - PUBLICATION, DISTRIBUTION, ETC. (IMPRINT)
Place of publication, distribution, etc. London ;
-- New York :
Name of publisher, distributor, etc. Oxford University Press,
Date of publication, distribution, etc. 1954.
300 ## - PHYSICAL DESCRIPTION
Pagination lxiv, 261 p. 9 plates.
Size 23 cm.
504 ## - BIBLIOGRAPHY, ETC. NOTE
Bibliography, etc Includes bibliographical references and index.
650 #0 - SUBJECT ADDED ENTRY--TOPICAL TERM
Topical term or geographic name as entry element Buddha and Buddhism.
9 (RLIN) 4353
Topical term or geographic name as entry element Nirvana.
9 (RLIN) 5392
Topical term or geographic name as entry element Yoga.
9 (RLIN) 94663
700 0# - ADDED ENTRY--PERSONAL NAME
Personal name Padma Sambhava,
Dates associated with a name approximately 717-approximately 762.
Personal name Yeshey Tshogyal.
Personal name Phadampa Sangay,
Dates associated with a name active 1100.
Personal name Jung, C. G.
Fuller form of name (Carl Gustav),
Dates associated with a name 1875-1961.
942 ## - ADDED ENTRY ELEMENTS (KOHA)
Source of classification or shelving scheme Dewey Decimal Classification
Koha item type Books
Holdings
Lost status Source of classification or shelving scheme Damaged status Not for loan Collection code Permanent Location Current Location Shelving location Date acquired Source of acquisition Cost, normal purchase price Total Checkouts Full call number Date last seen Copy number Koha item type
  Dewey Decimal Classification   Not For Loan Non-fiction Central Library, University of Rajshahi Central Library, University of Rajshahi Reading Room 11/02/1956 B. Stationary. 34.20   294.32 EVT 1954 13/04/2014 C-1 Books